| 000 | 01148cam a22003497a 4500 | ||
|---|---|---|---|
| 001 | 17174605 | ||
| 003 | Nust- CAS-E | ||
| 005 | 20180118181352.0 | ||
| 008 | 120221s2012 nyua 001 0 eng d | ||
| 010 | _a 2012359127 | ||
| 015 |
_aGBB182986 _2bnb |
||
| 016 | 7 |
_a015845982 _2Uk |
|
| 020 | _a9780071667968 (hbk. : acidfree paper) | ||
| 020 | _a0071667962 (hbk. : acidfree paper) | ||
| 035 | _a(OCoLC)ocn751795080 | ||
| 040 |
_aUKMGB _beng _cUKMGB _dYDXCP _dNTE _dCDX _dBDX _dDLC |
||
| 042 | _alccopycat | ||
| 050 | 0 | 0 |
_aTJ405 _b.W6 2012 |
| 082 | 0 | 4 |
_a621.1 _222 _bWOO 2012 |
| 100 | 1 |
_aWoodruff, Everett B. _q(Everett Bowman), _d1900-1982. |
|
| 245 | 1 | 0 |
_aSteam plant operation / _cEverett B. Woodruff, Herbert B. Lammers, Thomas F. Lammers |
| 250 | _a9th ed. | ||
| 260 |
_aNew York : _bMcGraw-Hill, _cc2012. |
||
| 300 |
_axviii, 713 p. : _bill. ; _c25 cm. |
||
| 500 | _aIncludes index. | ||
| 650 | 0 | _aSteam power plants. | |
| 700 | 1 | _aLammers, Herbert B. | |
| 700 | 1 | _aLammers, Thomas F. | |
| 906 |
_a7 _bcbc _ccopycat _d2 _encip _f20 _gy-gencatlg |
||
| 942 |
_2ddc _cBK |
||
| 999 |
_c355180 _d355180 |
||